| 000 | 00600nam a2200229Ia 4500 | ||
|---|---|---|---|
| 003 | OSt | ||
| 005 | 20220926011242.0 | ||
| 006 | a|||||r|||| 00| 0 | ||
| 007 | ta | ||
| 008 | 220923b |||||||| |||| 00| 0 eng d | ||
| 020 | _a0135013046 | ||
| 037 | _cGeneral Book | ||
| 040 |
_aRTL _cRTL _beng |
||
| 041 |
_2eng _aeng |
||
| 082 | _aU11, M4 | ||
| 100 |
_aCampbell John _935031 |
||
| 245 | 0 | _aIntroductory card game, waist | |
| 260 |
_aNew Jersey _bPrentice-Hall _c1984 |
||
| 300 |
_ax, 406p _ccm. |
||
| 942 |
_hU11, M4 _cGB _2CC |
||
| 999 |
_c619479 _d619479 |
||